000
00316nam a2200133Ia 4500
008
220923s9999 xx 000 0 und d
082
_b
BAR
100
_a
BARE ACT
245
4
_a
THE FACTORIES ACT 1948
260
_b
UNIVERSAL LAW PUBLISHING, DELHI
_c
2021
300
_a
75
650
_a
Factories Act
942
_c
BK
999
_c
198497
_d
198497